| 000 | 00653nam a22002057a 4500 | ||
|---|---|---|---|
| 999 |
_c2710 _d2710 |
||
| 003 | AR-CdUCM | ||
| 008 | 190305b ||||| |||| 00| 0 spa d | ||
| 040 |
_aMUNICIPALIDAD PROVINCIAL DEL CUSCO _cBIBLIOTECA MUNICIPAL DEL CUSCO |
||
| 082 |
_a343.82 / _bAM53 |
||
| 100 |
_aAmezaga Carranza, Daniel _99498 |
||
| 245 | _aLegislación y Jurisprudencia de Impuestos de sucesion / | ||
| 260 |
_aLima : _bAntonio Lulli, _c1959. |
||
| 300 |
_a151 paginas ; _c24cm. |
||
| 650 |
_aHerencia e impuesto de la transferencia _99499 |
||
| 650 |
_aLegislación _92962 |
||
| 650 |
_aPerú _935 |
||
| 650 |
_aJurisprudencia _9927 |
||
| 942 |
_2ddc _cLIBROS |
||
| 945 | _apjha | ||